Transformers : (Record no. 3615)

MARC details
000 -LEADER
fixed length control field 00840nam a2200265 i 4500
001 - CONTROL NUMBER
control field 2661747
003 - CONTROL NUMBER IDENTIFIER
control field OSt
005 - DATE AND TIME OF LATEST TRANSACTION
control field 20160419131524.0
008 - FIXED-LENGTH DATA ELEMENTS--GENERAL INFORMATION
fixed length control field 740930s1974 ilua b 001 0 eng
010 ## - LIBRARY OF CONGRESS CONTROL NUMBER
LC control number 72090617
020 ## - INTERNATIONAL STANDARD BOOK NUMBER
International Standard Book Number 0826916023
040 ## - CATALOGING SOURCE
Original cataloging agency DLC
Transcribing agency DLC
Modifying agency DLC
050 00 - LIBRARY OF CONGRESS CALL NUMBER
Classification number TK2792
Item number .G24 1974
082 00 - DEWEY DECIMAL CLASSIFICATION NUMBER
Classification number 520
Item number GEB 1974
100 1# - MAIN ENTRY--PERSONAL NAME
Personal name Gebert, Kenneth L.
9 (RLIN) 8060
245 10 - TITLE STATEMENT
Title Transformers :
Remainder of title principles and applications /
Statement of responsibility, etc. Kenneth L. Gebert, Kenneth R. Edwards.
250 ## - EDITION STATEMENT
Edition statement 2d ed.
260 ## - PUBLICATION, DISTRIBUTION, ETC. (IMPRINT)
Place of publication, distribution, etc. Chicago :
Name of publisher, distributor, etc. American Technical Society,
Date of publication, distribution, etc. 1974.
300 ## - PHYSICAL DESCRIPTION
Extent 346 p. :
Other physical details ill. ;
Dimensions 23 cm.
504 ## - BIBLIOGRAPHY, ETC. NOTE
Bibliography, etc Includes bibliographical references and index.
650 #0 - SUBJECT ADDED ENTRY--TOPICAL TERM
Topical term or geographic name as entry element Electric transformers.
9 (RLIN) 8061
700 1# - ADDED ENTRY--PERSONAL NAME
Personal name Edwards, Kenneth R.,
Relator term joint author.
9 (RLIN) 8062
906 ## - LOCAL DATA ELEMENT F, LDF (RLIN)
a 7
b cbc
c orignew
d 2
e opcn
f 19
g y-gencatlg
942 ## - ADDED ENTRY ELEMENTS (KOHA)
Source of classification or shelving scheme Dewey Decimal Classification
Koha item type Short Loan
Holdings
Withdrawn status Lost status Source of classification or shelving scheme Damaged status Not for loan Home library Current library Date acquired Inventory number Total Checkouts Full call number Barcode Date last seen Price effective from Koha item type
    Dewey Decimal Classification     MUST Main Library MUST Main Library 19/04/2016 9536   520 GEB 1974 2016-0999 19/04/2016 19/04/2016 Short Loan